Note sur les vallées tiphoniques et les éruptions d'ophite et de teschénite en Portural / (Record no. 52053)

MARC details
000 -LEADER
campo de control de longitud fija 00786nam a2200181 i 4500
001 - NÚMERO DE CONTROL
campo de control 52053
003 - IDENTIFICADOR DE NÚMERO DE CONTROL
campo de control ES-MaACL
005 - FECHA Y HORA DE LA ÚLTIMA TRANSACCIÓN
campo de control 20230906162512.0
007 - CAMPO FIJO DE DESCRIPCIÓN FÍSICA--INFORMACIÓN GENERAL
campo de control de longitud fija t|
008 - DATOS DE LONGITUD FIJA--INFORMACIÓN GENERAL
campo de control de longitud fija 030825s1882 fr ||||1| fre d
100 1# - ENTRADA PRINCIPAL--NOMBRE DE PERSONA
Nombre de persona Choffat, Paul.
9 (RLIN) 38589
245 10 - MENCIÓN DEL TÍTULO
Título Note sur les vallées tiphoniques et les éruptions d'ophite et de teschénite en Portural /
Mención de responsabilidad, etc. par Paul Choffa ; Description des roches J. Mac-Pherson.
260 ## - PUBLICACIÓN, DISTRIBUCIÓN, ETC.
Lugar de publicación, distribución, etc. Lagny :
Nombre del editor, distribuidor, etc. [s.n.],
Fecha de publicación, distribución, etc. 1882 (
Fabricante F. Aureau)
300 ## - DESCRIPCIÓN FÍSICA
Extensión p. 268-295 ;
Dimensiones 25 cm.
500 ## - NOTA GENERAL
Nota general Extrait du Bulletin de la Société Géologique de France, 3e série, t. X, p. 267, séance du 3 avril 1882.
700 1# - ENTRADA AGREGADA--NOMBRE PERSONAL
Nombre de persona Mac-Pherson, J. (
Fechas asociadas al nombre 1839-1902)
9 (RLIN) 75045
852 ## - LOCALIZACIÓN
Ubicación ES-MaACL
Número de control de estantería B-7964(7)
condición física . - Encuadernado con otras obras
Nota libre .- Legado de Federico de Botella y de Hornos
Holdings
Estatus retirado Estado de pérdida Estado de daño No para préstamo Colección Biblioteca de origen Biblioteca actual Ubicación en estantería Fecha de adquisición Fuente de adquisición Total de préstamos Signatura topográfica completa Código de barras Visto por última vez Precio de reemplazo Tipo de ítem Koha
        Libros del s. XIX Biblioteca del Ateneo de Madrid Biblioteca del Ateneo de Madrid Sala Pardo Bazán 17/01/2008     B-7964(7) 1054728 23/02/2023 23/02/2023 Libro impreso antiguo